000 00264pam a2200121 a 4500
020 _c
041 _h
082 _a708
_bMEH
245 _aTyeb Mehta
_hTextual Documents
260 _a[s.l]:
_bVadhera Art Gallery,
_c1998.
300 _a50:
_bpaper.
930 _a7084
999 _c240874
_d240874